000 00291nam a22001217a 4500
040 _c333
082 _a333 IAN 1998 C090
100 _aIAN THOMAS
245 _aEnvironmental impact assessment in australia
260 _aPhnom Penh
_bIAN
_c1998
300 _a257p.
_bill.
_c29cm.
942 _cEK
999 _c11118
_d11118